| 000 | 00473nam a2200193Ia 4500 | ||
|---|---|---|---|
| 005 | 20240823030755.0 | ||
| 008 | 240823s9999||||xx |||||||||||||| ||und|| | ||
| 020 | _a978-81-8489-515-5 | ||
| 041 | _aENGLISH | ||
| 082 | _A005.133 Q0 | ||
| 100 | _aCapper D M | ||
| 245 | 0 | _a"Introducing C++ for Scientists, Engineers and Mathematicians" | |
| 250 | _a2nd | ||
| 260 |
_c2010 _bSpr |
||
| 500 | _aYES | ||
| 650 |
_aC++ _bComputer Science |
||
| 942 | _cBK | ||
| 999 |
_c189496 _d189496 |
||